Interior design illustrated (Record no. 40989)
[ view plain ]
| 000 -LEADER | |
|---|---|
| fixed length control field | 00438nam a2200193Ia 4500 |
| 020 ## - INTERNATIONAL STANDARD BOOK NUMBER | |
| ISBN | 9781119377207 |
| 050 ## - CALL MARK | |
| Classification number | NA 2850 .C45/ |
| 100 ## - STATEMENT OF RESPONSIBILITY--MAIN AUTHOR NAME | |
| Personal name | Ching, Francis D. K |
| 245 #0 - TITLE STATEMENT | |
| Title | Interior design illustrated |
| 250 ## - EDITION / VOLUME STATEMENT | |
| Edition / Volume statement | 4th ed. |
| 260 ## - PUBLICATION, DISTRIBUTION, ETC. (IMPRINT) | |
| Place of publication | New Jersey |
| 260 ## - PUBLICATION, DISTRIBUTION, ETC. (IMPRINT) | |
| Name of publisher | Wiley |
| 260 ## - PUBLICATION, DISTRIBUTION, ETC. (IMPRINT) | |
| Year of publication | 2018 |
| 300 ## - PHYSICAL DESCRIPTION | |
| Number of Pages | 94 p |
| 650 ## - SUBJECT ADDED ENTRY--TOPICAL TERM | |
| Topical Term | New Jersey |
| 942 ## - ADDED ENTRY ELEMENTS (KOHA) | |
| Koha item type | Books |
No items available.